[Event "FSV-ch 2009"]
[Site "Dortmund"]
[Date "2009.06.25"]
[Round "9.4"]
[White "Vöpel, Karl-Heinz"]
[Black "Lauche, Christoph"]
[Result "0-1"]
[WhiteElo "1686"]
[BlackElo "1914"]
[PlyCount "50"]
[EventDate "2009.??.??"]
[SourceDate "2009.04.03"]

1. e4 c5 2. Nf3 Nc6 3. d4 cxd4 4. Nxd4 e5 5. Nb5 a6 6. Nd6+ Bxd6 7. Qxd6 Qf6 8.
Qxf6 Nxf6 9. f3 d5 10. exd5 Nxd5 11. c3 Bf5 12. Bc4 Rd8 13. Na3 O-O 14. Ke2 b5
15. Bb3 b4 16. cxb4 Nd4+ 17. Kf2 Nxb4 18. Be3 Nd3+ 19. Kg3 Ne2+ 20. Kh4 h6 21.
g4 g5+ 22. Kh3 Bc8 23. Nc4 e4 24. fxe4 Rd4 25. Bxd4 Ndf4# 0-1

[Event "FSV-ch 2009"]
[Site "Dortmund"]
[Date "2009.06.25"]
[Round "9.5"]
[White "Dite, Alexander"]
[Black "Sonntag, Joachim"]
[Result "1/2-1/2"]
[WhiteElo "1615"]
[BlackElo "1789"]
[PlyCount "83"]
[EventDate "2009.??.??"]
[SourceDate "2009.04.03"]

1. d4 d5 2. c4 e6 3. Nc3 Nf6 4. Bg5 Nbd7 5. e3 c6 6. Nf3 Bd6 7. Rc1 O-O 8. Bd3
Re8 9. O-O a6 10. Qc2 h6 11. Bh4 dxc4 12. Bxc4 b5 13. Bd3 Bb7 14. Ne4 Be7 15.
Nc5 Nxc5 16. dxc5 Nd5 17. Bxe7 Qxe7 18. a3 Rad8 19. Rfe1 e5 20. Nd2 Nf6 21. Ne4
Nxe4 22. Bxe4 Rd7 23. Red1 Red8 24. Rxd7 Qxd7 25. Bf5 Qd2 26. Kf1 Kf8 27. Qxd2
Rxd2 28. Rc2 Rd8 29. Ke2 g6 30. Bh3 h5 31. Rd2 Rxd2+ 32. Kxd2 f5 33. Kc3 a5 34.
f4 e4 35. Kd4 Ke7 36. Ke5 Bc8 37. g3 Be6 38. Bf1 Bb3 39. Be2 Bc2 40. h3 Bd3 41.
Bd1 Bf1 42. h4 1/2-1/2

[Event "FSV-ch 2009"]
[Site "Dortmund"]
[Date "2009.06.25"]
[Round "9.6"]
[White "Volmer, Martin"]
[Black "Barth, Hans-Joachim"]
[Result "1-0"]
[WhiteElo "1594"]
[BlackElo "1738"]
[PlyCount "133"]
[EventDate "2009.??.??"]
[SourceDate "2009.04.03"]

1. d4 c5 2. d5 g6 3. c4 Bg7 4. Nc3 Bxc3+ 5. bxc3 f5 6. Nf3 d6 7. Qc2 Nf6 8. e3
Qa5 9. Bd3 Nbd7 10. O-O Nb6 11. Nd2 e5 12. e4 f4 13. Rb1 Bd7 14. Nb3 Qa6 15.
Qe2 g5 16. Rb2 Na4 17. Rc2 O-O-O 18. Bd2 h5 19. g3 Rdg8 20. Kh1 Qb6 21. Rg1 Qd8
22. gxf4 gxf4 23. Rcc1 Nb2 24. Bb1 Bg4 25. f3 Bh3 26. Bxf4 exf4 27. Qxb2 Nd7
28. Qf2 Qf6 29. Nd2 Kc7 30. Bd3 Ne5 31. Be2 h4 32. Rxg8 Rxg8 33. Rg1 Rxg1+ 34.
Qxg1 Qg6 35. Qf2 Qg7 36. Bf1 Bxf1 37. Qxf1 Ng6 38. Nb1 Qd7 39. Qg2 Ne5 40. Nd2
Qa4 41. Qg7+ Kb6 42. Qg1 Qc2 43. Qb1+ Qxb1+ 44. Nxb1 Nxc4 45. Kg2 Ne5 46. Nd2
Kc7 47. Kh3 b5 48. Kxh4 a5 49. Kg5 b4 50. cxb4 axb4 51. Kxf4 c4 52. Ke3 c3 53.
Nb3 Kd7 54. h4 Ke7 55. f4 Nc4+ 56. Kd3 Nb2+ 57. Kd4 Na4 58. h5 Nc5 59. Nc1 Na6
60. h6 Kf6 61. e5+ dxe5+ 62. fxe5+ Kg6 63. e6 Nb8 64. d6 Nc6+ 65. Kd5 b3 66.
axb3 Nb4+ 67. Kc5 1-0

[Event "FSV-ch 2009"]
[Site "Dortmund"]
[Date "2009.06.25"]
[Round "9.8"]
[White "Rzoczek, Christoph"]
[Black "Bommert, Christian"]
[Result "1/2-1/2"]
[WhiteElo "1572"]
[BlackElo "1701"]
[PlyCount "54"]
[EventDate "2009.??.??"]
[SourceDate "2009.04.03"]

1. d4 f5 2. Nd2 Nf6 3. b3 g6 4. Bb2 Bg7 5. Ngf3 d6 6. e3 O-O 7. h3 Qe8 8. Qe2
a5 9. Qc4+ Kh8 10. Qxc7 Nc6 11. c4 Nb4 12. Kd1 Ne4 13. Nxe4 fxe4 14. a3 Nc6 15.
Nd2 Rxf2 16. Be2 Rxg2 17. Rf1 Bxh3 18. Qxb7 Rg3 19. Rf4 Rd8 20. Qc7 g5 21. Rxe4
Rg1+ 22. Kc2 Rxa1 23. Bxa1 Bf5 24. Bg4 Rc8 25. Qb7 Nd8 26. Qd5 Bxg4 27. Rxg4
Qg6+ 1/2-1/2

[Event "FSV-ch 2009"]
[Site "Dortmund"]
[Date "2009.06.25"]
[Round "9.9"]
[White "Weischer, Wolfgang"]
[Black "Hillebrand, Carsten"]
[Result "0-1"]
[WhiteElo "1593"]
[BlackElo "1878"]
[PlyCount "50"]
[EventDate "2009.??.??"]
[SourceDate "2009.04.03"]

1. e4 c5 2. Nf3 d6 3. d4 cxd4 4. Nxd4 Nf6 5. Nc3 a6 6. Bg5 e6 7. f4 Qc7 8. Qf3
Be7 9. O-O-O Nbd7 10. g4 b5 11. Bxf6 gxf6 12. Bxb5 axb5 13. Ndxb5 Qb8 14. e5 d5
15. Nxd5 exd5 16. Qxd5 O-O 17. e6 Nb6 18. exf7+ Rxf7 19. Qb3 Qxf4+ 20. Kb1 Qc4
21. Rd3 Qxb3 22. Rxb3 Nc4 23. Rd1 Bf8 24. Rd8 Bb7 25. Rxa8 Nd2+ 0-1

[Event "FSV-ch 2009"]
[Site "Dortmund"]
[Date "2009.06.25"]
[Round "9.10"]
[White "Benke, Werner"]
[Black "Stukemeier, Ralf"]
[Result "0-1"]
[WhiteElo "1531"]
[BlackElo "1784"]
[PlyCount "60"]
[EventDate "2009.??.??"]
[SourceDate "2009.04.03"]

1. d4 Nf6 2. Nf3 g6 3. c4 Bg7 4. Nc3 O-O 5. Bg5 d6 6. h3 h6 7. Bxf6 Bxf6 8. e3
c6 9. Bd3 Nd7 10. O-O Bg7 11. Rc1 e5 12. Bc2 f5 13. e4 f4 14. a3 g5 15. dxe5
dxe5 16. Nh2 Qe8 17. Qe2 Nf6 18. Rcd1 h5 19. f3 Rf7 20. Rd6 Bf8 21. Rd3 Bc5+
22. Kh1 Rg7 23. b4 Bd4 24. Rfd1 g4 25. fxg4 hxg4 26. Rxd4 exd4 27. Rxd4 gxh3
28. e5 hxg2+ 29. Kg1 Ng4 30. Rxf4 Qh5 0-1

[Event "FSV-ch 2009"]
[Site "Dortmund"]
[Date "2009.06.25"]
[Round "9.11"]
[White "Lemke, Philipp"]
[Black "Milonas, Georgios"]
[Result "1/2-1/2"]
[WhiteElo "1756"]
[BlackElo "1482"]
[PlyCount "91"]
[EventDate "2009.??.??"]
[SourceDate "2009.04.03"]

1. e4 c5 2. Nf3 e6 3. d4 cxd4 4. Nxd4 Nf6 5. Nc3 Nc6 6. Nxc6 bxc6 7. e5 Nd5 8.
Ne4 Qc7 9. f4 Qb6 10. Bd3 a5 11. a3 Ba6 12. c4 Ne3 13. Qe2 Nf5 14. g4 Nh6 15.
Be3 Qc7 16. Bd4 Be7 17. O-O-O (17. Nd6+ $1 Kf8 18. g5 Nf5 19. Bxf5 exf5 20.
Nxf5 $18) 17... c5 18. Bc3 Bb7 19. Rhf1 Qd8 20. f5 Bg5+ 21. Kb1 Bxe4 22. Bxe4
Ra6 23. f6 gxf6 24. exf6 Qc7 25. Rd3 (25. Bc2 $1 -- 26. Rd5 $140) 25... O-O $4
26. Bd2 $1 $18 Rb6 27. Bxg5 Rxb2+ 28. Kxb2 (28. Qxb2 Rb8 29. Rb3) 28... Qe5+
29. Ka2 Qxg5 30. Rxd7 ({Prosa pur waere es, den Damentausch zu erzwingen, also
} 30. Qe3 Qh4 31. Qh3 Qg5 32. Qh5 {Danach laesst sich die Stellung sogar im
Halbschlaf gewinnen, weil man kein gegnerischen Drohungen mehr befuerchten
muss (z.B. Dauerschach).}) 30... Kh8 31. Qd2 Qxg4 32. Qxh6 Qe2+ 33. Rd2 ({Oder
} 33. Ka1 Qxf1+ 34. Bb1 {nebst baldigem Matt.}) 33... Qxc4+ 34. Kb2 $4 Rb8+ 35.
Ka1 Qxf1+ (35... Qc3+ 36. Ka2 Qb3+ 37. Ka1 Qxa3+ 38. Ra2 Qc3+ 39. Rb2 Qxb2#)
36. Ka2 Qc4+ 37. Ka1 Qc1+ (37... Qc3+ $1 38. Ka2 Qb3+ 39. Ka1 Qxa3+ 40. Ra2
Qc3+ 41. Rb2 Qxb2#) {Der Rest ohne Kommentar ...} 38. Ka2 Qc4+ 39. Ka1 Qc3+ 40.
Ka2 Qb3+ 41. Ka1 Qc3+ 42. Ka2 Qb3+ 43. Ka1 Qc3+ 44. Ka2 Qc4+ 45. Ka1 Qc1+ 46.
Ka2 1/2-1/2

[Event "FSV-ch 2009"]
[Site "Dortmund"]
[Date "2009.06.25"]
[Round "9.12"]
[White "Vogt, Christian"]
[Black "Raskin, Vitali"]
[Result "0-1"]
[WhiteElo "1140"]
[BlackElo "1664"]
[PlyCount "158"]
[EventDate "2009.??.??"]
[SourceDate "2009.04.03"]

1. e4 e5 2. Nf3 Nc6 3. d4 exd4 4. Nxd4 Bc5 5. Nxc6 bxc6 6. Nc3 Qf6 7. Qf3 Bb7
8. Be3 Bxe3 9. Qxe3 Ne7 10. Bc4 O-O 11. O-O d5 12. e5 Qh4 13. Bd3 d4 14. Qe4
Qxe4 15. Nxe4 Ng6 16. Nc5 Bc8 17. f4 Rb8 18. b3 Ne7 19. Na6 Rb6 20. Nc5 Nd5 21.
Na4 Rb8 22. Nc5 Ne3 23. Rf3 Bg4 24. Rg3 h5 25. h3 Bc8 26. c4 Re8 27. Be4 Rb6
28. Nd3 h4 29. Rg5 g6 30. c5 Ra6 31. Nb4 Ra5 32. Nxc6 Rxc5 33. Nxd4 Nd5 34.
Bxd5 Rxd5 35. Nc6 Rc5 36. Nd4 Rd5 37. Nc6 Bb7 38. Nb4 Rd4 39. Nc2 Rxf4 40. Rf1
Re4 41. Re1 Rxe1+ 42. Nxe1 Kg7 43. Nf3 f6 44. exf6+ Kxf6 45. Rb5 Be4 46. Nxh4
c6 47. Rb4 Bd5 48. Kf2 g5 49. Nf3 Re7 50. Nh2 Kf5 51. Ng4 Be4 52. Ne3+ Ke5 53.
Nc4+ Ke6 54. Na5 Rf7+ 55. Kg3 Bd5 56. Nb7 Rf1 57. Nc5+ Kf5 58. Rb8 Rc1 59. Rf8+
Kg6 60. Na4 Rc2 61. Rf2 Rc1 62. Rd2 Kf5 63. Nb2 Ke4 64. Rd1 Rc2 65. Re1+ Kd4
66. Rd1+ Kc3 67. Na4+ Kb4 68. Rg1 Rxa2 69. Kg4 Bxb3 70. Kxg5 Rxa4 71. Rf1 Ra5+
72. Rf5 Rxf5+ 73. Kxf5 Bc2+ 74. Kf6 a5 75. g4 a4 76. g5 a3 77. g6 a2 78. g7 Bh7
79. h4 a1=Q+ 0-1

[Event "FSV-ch 2009"]
[Site "Dortmund"]
[Date "2009.06.25"]
[Round "9.13"]
[White "Reinacher, Detlev"]
[Black "Tautz, Eugen"]
[Result "1-0"]
[WhiteElo "1544"]
[BlackElo "1419"]
[PlyCount "57"]
[EventDate "2009.??.??"]
[SourceDate "2009.04.03"]

1. d4 d5 2. c4 dxc4 3. Nc3 e6 4. Nf3 Nf6 5. e3 Nc6 6. Bxc4 a6 7. a3 Be7 8. O-O
b5 9. Bd3 Bb7 10. b4 Qd6 11. Bb2 e5 12. Nxb5 axb5 13. dxe5 Nxe5 14. Bxe5 Qd5
15. Bxc7 O-O 16. Be2 Qf5 17. Nd4 Qg5 18. Bf3 Bxf3 19. Qxf3 Rac8 20. Bf4 Qg6 21.
Nxb5 Ne4 22. Rfd1 Rc2 23. Bg3 Bf6 24. Nd4 Bxd4 25. Rxd4 Rfc8 26. Rad1 h6 27.
Qxe4 Qxe4 28. Rxe4 Rd2 29. Rd4 1-0

[Event "FSV-ch 2009"]
[Site "Dortmund"]
[Date "2009.06.25"]
[Round "9.14"]
[White "Jost, Udo"]
[Black "Schirmer, Michael"]
[Result "0-1"]
[WhiteElo "1826"]
[BlackElo "1429"]
[PlyCount "104"]
[EventDate "2009.??.??"]
[SourceDate "2009.04.03"]

1. e4 e6 2. d4 d5 3. e5 c5 4. f4 Nc6 5. Nf3 Qb6 6. a3 c4 7. g3 Nge7 8. Bh3 Bd7
9. Nc3 Na5 10. O-O h6 11. Be3 O-O-O 12. b4 cxb3 13. cxb3 Qxb3 14. Qc1 Kb8 15.
Rb1 Qc4 16. Rf2 Rc8 17. Rc2 Nf5 18. Bf1 Qc7 19. Bf2 Ba4 20. Nxa4 Qxc2 21. Qxc2
Rxc2 22. g4 Ne7 23. Nc5 Kc7 24. Ne1 Rc3 25. a4 Nec6 26. Ned3 Bxc5 27. Nxc5 Rf3
28. f5 exf5 29. gxf5 Rxf5 30. Bh3 Rg5+ 31. Kh1 Nd8 32. Be3 Rg6 33. Bf5 Rb6 34.
Rc1 Nc4 35. Bf4 Ne6 36. Bg3 h5 37. Bxe6 fxe6 38. Rf1 h4 39. Rf7+ Kd8 40. Bf4 h3
41. Bg5+ Kc8 42. Kg1 Rb1+ 43. Kf2 Rb2+ 44. Kf3 Rxh2 45. Rxb7 Rf8+ 46. Kg3 Rg2+
47. Kxh3 Rxg5 48. Rc7+ Kb8 49. Nd7+ Kxc7 50. Nxf8 Rh5+ 51. Kg4 Rh6 52. Kg5 Nxe5
0-1

[Event "FSV-ch 2009"]
[Site "Dortmund"]
[Date "2009.06.25"]
[Round "9.15"]
[White "Geelhaar, Thorsten"]
[Black "Skoecz, Horst"]
[Result "1-0"]
[WhiteElo "1745"]
[BlackElo "1401"]
[PlyCount "105"]
[EventDate "2009.??.??"]
[SourceDate "2009.04.03"]

1. e4 Nc6 2. Nf3 e6 3. d4 Be7 4. c3 a6 5. Bd3 d5 6. e5 Bd7 7. b3 b5 8. O-O h5
9. Na3 Na5 10. b4 Nc4 11. Nc2 a5 12. a3 a4 13. Ne3 g5 14. Nxc4 bxc4 15. Bc2 Bb5
16. Be3 g4 17. Ne1 Bg5 18. Bxg5 Qxg5 19. f4 gxf3 20. Rxf3 h4 21. Rh3 Ne7 22.
Qe2 Nf5 23. Bxf5 Qxf5 24. Nf3 Qg4 25. Qf2 O-O-O 26. Rxh4 Rxh4 27. Qxh4 Rg8 28.
Qxg4 Rxg4 29. h3 Rg8 30. g4 Be8 31. Kf2 c6 32. g5 Kc7 33. h4 Rh8 34. Rh1 Rh5
35. Kg3 Rh7 36. Kg4 Kd7 37. Kg3 Rh5 38. Nh2 Rh7 39. Ng4 Kd8 40. Ne3 Kc7 41. Kg4
f5+ 42. exf6 Bh5+ 43. Kf4 Kd6 44. Ng4 Kc7 45. Ne5 Rh8 46. g6 Rg8 47. Kg5 Be2
48. f7 Rh8 49. g7 Rh5+ 50. Kg6 Rf5 51. h5 Bd3 52. Nxd3 cxd3 53. f8=Q 1-0

[Event "FSV-ch 2009"]
[Site "Dortmund"]
[Date "2009.06.25"]
[Round "9.17"]
[White "Gennat, Egon L"]
[Black "Raabe, Hans-Ulrich"]
[Result "0-1"]
[WhiteElo "1431"]
[BlackElo "1492"]
[PlyCount "118"]
[EventDate "2009.??.??"]
[SourceDate "2009.04.03"]

1. d4 Nf6 2. Nf3 g6 3. g3 Bg7 4. Bg2 d6 5. c4 O-O 6. Nc3 c5 7. O-O Nc6 8. d5
Na5 9. Nd2 b6 10. e4 Ng4 11. h3 Ne5 12. Qe2 Nexc4 $1 13. a4 Nxd2 14. Bxd2 Nb3
15. Rab1 Nxd2 16. Qxd2 Bd7 17. Ra1 a6 18. Nd1 b5 19. Ne3 Qc8 20. Kh2 Qc7 21. a5
Rab8 22. Rfc1 Rbc8 23. Ra2 c4 24. Nc2 c3 25. bxc3 Qxc3 26. Qe2 Qc4 27. Qxc4
Rxc4 28. Rb1 Bc3 29. Ne3 Rc5 30. Nc2 Rfc8 31. Nb4 Bxb4 32. Rxb4 Rc2 33. Rab2
Kg7 34. g4 g5 35. Kg3 R2c3+ 36. Bf3 Kf6 37. Kg2 Ke5 38. R4b3 Kf4 39. Rb4 R8c4
40. Rxc4 Rxc4 41. Bd1 Rc3 42. Bc2 h6 43. Ra2 Ke5 44. Bb1 Kd4 45. f3 b4 46. Rd2+
Kc5 47. h4 f6 48. hxg5 hxg5 49. Kf2 Bb5 50. Kg3 b3 51. Rh2 Rc1 52. Rb2 Kc4 53.
Bd3+ Kxd3 54. Rxb3+ Kc4 55. Rb2 Rc3 56. Rh2 Kb4 57. Rh7 Be2 58. Rxe7 Bxf3 59.
Re6 Bxe4+ {Hier nun schlug Weiss seinen eigenen Bauern mittels 60.Kxg4???, was
beide Spieler offensichtlich nicht bemerkten. Es folgte noch 61...Lf3+ 62.Kf5
Lxd5 63.Txd6 Tc6 64.Txd5 Tc5 mit erzwungenem Tausch der Tuerme, weshalb Weiss
aufgab.} 0-1

[Event "FSV-ch 2009"]
[Site "Dortmund"]
[Date "2009.06.25"]
[Round "9.18"]
[White "Kirmes, Hans-Uwe"]
[Black "Hübel, Carsten"]
[Result "1-0"]
[WhiteElo "1479"]
[BlackElo "1270"]
[PlyCount "51"]
[EventDate "2009.??.??"]
[SourceDate "2009.04.03"]

1. e4 c5 2. c3 e6 3. d4 cxd4 4. cxd4 Bb4+ 5. Nc3 Nf6 6. e5 Nd5 7. Bd2 Qa5 8.
Qc2 Nc6 9. Nf3 Nxc3 10. bxc3 Be7 11. Bd3 h6 12. O-O Qc7 13. Rfe1 b6 14. Rac1
Bb7 15. Bf4 Na5 16. Qe2 Rc8 17. c4 Bxf3 18. Qxf3 Nc6 19. d5 Nd4 20. Qe4 Nf5 21.
d6 Nxd6 22. exd6 Bxd6 23. Bxd6 Qxd6 24. Qe3 O-O 25. Red1 Rc5 26. Bh7+ 1-0

[Event "FSV-ch 2009"]
[Site "Dortmund"]
[Date "2009.06.25"]
[Round "9.19"]
[White "Bönke, Holger E"]
[Black "Herrmann, Rudolf"]
[Result "0-1"]
[WhiteElo "1111"]
[BlackElo "1368"]
[PlyCount "78"]
[EventDate "2009.??.??"]
[SourceDate "2009.04.03"]

1. e4 d5 2. exd5 Qxd5 3. Nc3 Qa5 4. Bc4 Nf6 5. d4 c6 6. Qe2 Bg4 7. f3 Bf5 8.
Bd2 Qd8 9. g4 Bxc2 10. g5 Nd5 11. Nxd5 cxd5 12. Bb5+ Nc6 13. Bc3 Bf5 14. f4 e6
15. Nf3 Bd6 16. Ne5 Qc7 17. O-O a6 18. Ba4 b5 19. Bc2 Bxe5 20. fxe5 Nxd4 21.
Bxd4 Qxc2 22. Qxc2 Bxc2 23. Rf2 Bf5 24. Bc5 Rc8 25. b4 Kd7 26. Rd2 g6 27. h4 h6
28. Rh2 hxg5 29. hxg5 Rxh2 30. Kxh2 Rh8+ 31. Kg2 Rh4 32. Kg3 Rg4+ 33. Kf3 Rxg5
34. Rc1 Be4+ 35. Kf4 Rf5+ 36. Kg4 Bd3 37. Bd6 Bc4 38. a3 f6 39. Re1 d4 0-1

[Event "FSV-ch 2009"]
[Site "Dortmund"]
[Date "2009.06.25"]
[Round "9.20"]
[White "Griese, Andreas"]
[Black "Skalweit, Wolfgang"]
[Result "0-1"]
[WhiteElo "1151"]
[BlackElo "1378"]
[PlyCount "120"]
[EventDate "2009.??.??"]
[SourceDate "2009.04.03"]

1. d4 d5 2. Nf3 e6 3. e3 Nf6 4. c4 c5 5. Nc3 Nc6 6. Bd3 Nb4 7. Be2 Be7 8. O-O
O-O 9. a3 Nc6 10. Bd3 a6 11. Qc2 g6 12. Re1 Qd6 13. h3 e5 14. dxe5 Nxe5 15. Qe2
Re8 16. cxd5 Nxd5 17. e4 Nxc3 18. bxc3 Be6 19. Nxe5 Qxe5 20. Bb2 Qg5 21. Qf3 c4
22. Bc2 Rad8 23. Bc1 Qh4 24. Be3 Bg5 25. Bd4 b5 26. a4 b4 27. Rad1 b3 28. Bb1
Qh6 29. Bf6 Bxf6 30. Qxf6 Rxd1 31. Rxd1 Qh5 32. f3 Qa5 33. Qd4 Qxa4 34. Qb6 Qa1
35. Qd4 Qa5 36. g4 Qc7 37. Kg2 a5 38. Qd6 Qxd6 39. Rxd6 Ra8 40. e5 a4 41. Be4
Ra5 42. f4 a3 43. f5 gxf5 44. gxf5 Bxf5 45. Bxf5 Rxe5 46. Rd8+ Kg7 47. Bb1 a2
48. Bxa2 bxa2 49. Ra8 Re2+ 50. Kf3 Rc2 51. Ke4 Rxc3 52. Rxa2 Rxh3 53. Rc2 Rh4+
54. Kf5 h5 55. Rg2+ Rg4 56. Rc2 f6 57. Rh2 Rg5+ 58. Ke4 Kg6 59. Kd4 Rg4+ 60.
Ke3 Kg5 0-1

[Event "FSV-ch 2009"]
[Site "Dortmund"]
[Date "2009.06.25"]
[Round "9.22"]
[White "Rüttiger, Volker"]
[Black "Kittel, Swetlana"]
[Result "1-0"]
[WhiteElo "1217"]
[BlackElo "942"]
[PlyCount "99"]
[EventDate "2009.??.??"]
[SourceDate "2009.04.03"]

1. e4 e5 2. f4 Nc6 3. Nf3 d6 4. Bc4 Nd4 5. O-O Bg4 6. Be2 Nxe2+ 7. Qxe2 f5 8.
fxe5 dxe5 9. exf5 Bxf5 10. Qxe5+ Ne7 11. d3 Qd7 12. Nc3 O-O-O 13. Nd4 Bg6 14.
Be3 c5 15. Bf4 Qxd4+ 16. Qxd4 cxd4 17. Nb5 Nc6 18. a4 a6 19. Na3 Bxa3 20. Rxa3
h5 21. Rd1 h4 22. h3 Bh5 23. Rd2 Rde8 24. c3 Rhf8 25. Bg5 Rf5 26. Bxh4 g5 27.
Bf2 Re2 28. Rxe2 Bxe2 29. cxd4 Bxd3 30. Rxd3 Nb4 31. Rc3+ Nc6 32. Rc5 Rxc5 33.
dxc5 Ne5 34. Bd4 Nd7 35. b4 Kc7 36. Kf2 Kc6 37. Kf3 Kd5 38. Bf2 Kc4 39. Be1
Ne5+ 40. Ke4 Nd3 41. Bd2 Nxb4 42. Bxg5 Kxc5 43. Be7+ Kc4 44. Bxb4 Kxb4 45. h4
b5 46. axb5 Kxb5 47. h5 a5 48. h6 a4 49. h7 a3 50. h8=Q 1-0

[Event "FSV-ch 2009"]
[Site "Dortmund"]
[Date "2009.06.25"]
[Round "9.23"]
[White "Strotmann, Dieter"]
[Black "Böckmann, Lieselotte"]
[Result "1-0"]
[WhiteElo "1306"]
[BlackElo "972"]
[PlyCount "55"]
[EventDate "2009.??.??"]
[SourceDate "2009.04.03"]

1. d4 d5 2. Nf3 Nf6 3. Bf4 Nc6 4. e3 a6 5. Be2 Bf5 6. h3 e6 7. O-O Be7 8. Nbd2
Nb4 9. c3 Nd3 10. Bxd3 Bxd3 11. Re1 O-O 12. Ne5 Be4 13. f3 Nh5 14. fxe4 Bh4 15.
Rf1 f6 16. Qxh5 fxe5 17. Bxe5 Qe7 18. Nf3 g6 19. Qxh4 Qe8 20. Ng5 h5 21. Rxf8+
Qxf8 22. Rf1 Qe7 23. Rf6 Qg7 24. Rxe6 Qd7 25. Rxg6+ Kf8 26. Qf4+ Ke8 27. Rg8+
Ke7 28. Qf6# 1-0

[Event "FSV-ch 2009"]
[Site "Dortmund"]
[Date "2009.06.25"]
[Round "9.24"]
[White "Maffei, Hendrik"]
[Black "Schaefer, Ulrich"]
[Result "0-1"]
[WhiteElo "1192"]
[BlackElo "1293"]
[PlyCount "82"]
[EventDate "2009.??.??"]
[SourceDate "2009.04.03"]

1. Nf3 d5 2. g3 Nc6 3. Bg2 e5 4. d3 Nf6 5. Bg5 h6 6. Bxf6 Qxf6 7. O-O Be6 8. c4
dxc4 9. Nc3 cxd3 10. Qxd3 Rd8 11. Qb5 Bd7 12. Rad1 Bd6 13. Nd5 Qe6 14. Qxb7 O-O
15. Qb3 Rb8 16. Nxc7 Bxc7 17. Qxe6 Bxe6 18. Rc1 Rb6 19. Nd2 Rd8 20. Nb3 Bxb3
21. axb3 Rd6 22. b4 a6 23. Rc3 Bd8 24. Rc5 Bf6 25. Rfc1 Ne7 26. Be4 g6 27. h4
Rxb4 28. Bf3 e4 29. Bg2 Bxb2 30. Rb1 Ba3 31. Ra1 Bb2 32. Rb1 Rdb6 33. Rd1 Bd4
34. Rc7 Nf5 35. e3 Rb1 36. Rc8+ Kg7 37. Rxb1 Rxb1+ 38. Kh2 Bf6 39. Bxe4 Rb2 40.
Kg2 Nd6 41. Rc2 Nxe4 0-1

[Event "FSV-ch 2009"]
[Site "Dortmund"]
[Date "2009.06.25"]
[Round "9.25"]
[White "Wangrin, Stefan A"]
[Black "Hast, Stefan"]
[Result "0-1"]
[WhiteElo "967"]
[BlackElo "1169"]
[PlyCount "134"]
[EventDate "2009.??.??"]
[SourceDate "2009.04.03"]

1. e4 d5 2. c3 dxe4 3. Qa4+ Qd7 4. Qxe4 Nf6 5. Qc2 b6 6. Be2 Qe6 7. Nf3 Ba6 8.
d4 h6 9. Ne5 Bb7 10. O-O Nbd7 11. Re1 Nxe5 12. dxe5 Qxe5 13. Qa4+ c6 14. Be3
Qe4 15. Qxe4 Nxe4 16. Nd2 Nf6 17. Bf3 Nd5 18. Rad1 O-O-O 19. c4 Nxe3 20. Rxe3
e6 21. g4 c5 22. Bxb7+ Kxb7 23. Ree1 Bd6 24. Nb1 h5 25. h3 {(=)} 25... hxg4 26.
hxg4 Rh4 27. f3 Kc6 28. Nc3 a6 29. a4 Rdh8 30. Ne4 Rh1+ 31. Kf2 R8h2+ 32. Ke3
Rxe1+ 33. Rxe1 Rxb2 34. Ra1 f5 35. Nxd6 Kxd6 36. gxf5 exf5 37. a5 Ke5 38. f4+
Kf6 39. axb6 Rxb6 40. Ra5 Rc6 41. Kf3 g5 42. Kg3 g4 43. Ra3 Rd6 44. Kh4 Kg7 45.
Kg3 Rh6 46. Ra5 Rc6 47. Ra4 Kh6 48. Kh4 Rg6 49. Ra5 g3 50. Ra1 g2 51. Rg1 a5
52. Kh3 Kh5 53. Kh2 Kh4 54. Rf1 g1=Q+ (54... gxf1=N+ 55. Kh1 Kg3 56. Kg1 Ne3
57. Kh1 Kf2 58. Kh2 Rh6#) 55. Rxg1 Rxg1 56. Kxg1 a4 57. Kg2 a3 58. Kf3 a2 59.
Ke3 a1=Q 60. Kd3 Kg4 61. Kc2 Kxf4 62. Kb3 Ke4 63. Kc2 f4 64. Kb3 f3 65. Kc2 f2
66. Kd2 f1=Q 67. Kc2 Qf2+ {und Weiss gab auf (Warum gerade jetzt?)} 0-1

[Event "FSV-ch 2009"]
[Site "Dortmund"]
[Date "2009.06.25"]
[Round "9.26"]
[White "Pfeffer, Josef"]
[Black "Grüneberg, Ingo"]
[Result "0-1"]
[WhiteElo "1237"]
[BlackElo "1157"]
[PlyCount "76"]
[EventDate "2009.??.??"]
[SourceDate "2009.04.03"]

1. e4 c6 2. d4 g6 3. Bd3 Bg7 4. c3 d5 5. e5 e6 6. Nf3 Nd7 7. O-O Ne7 8. Bg5 O-O
9. h3 f6 10. exf6 Nxf6 11. Be3 Nf5 12. Nbd2 Nxe3 13. fxe3 Qc7 14. e4 dxe4 15.
Nxe4 Nd5 16. Qd2 Bd7 17. Nh2 e5 18. Rxf8+ Rxf8 19. Rf1 exd4 20. Rxf8+ Bxf8 21.
Nf2 dxc3 22. bxc3 Bc5 23. Bc4 Qe5 24. Nf3 Qd6 25. Kh1 Kg7 26. Ne4 Qe7 27. Nxc5
Qxc5 28. Bxd5 Qxd5 29. Qb2 Qb5 30. Qf2 Bf5 31. Qd4+ Kg8 32. Qd8+ Kg7 33. Qe7+
Kh6 34. g4 Qf1+ 35. Kh2 Qf2+ 36. Kh1 Qxf3+ 37. Kg1 Qg3+ 38. Kf1 Bd3+ 0-1

[Event "FSV-ch 2009"]
[Site "Dortmund"]
[Date "2009.06.25"]
[Round "9.27"]
[White "Schirmer, Florian"]
[Black "Wickenfeld, Udo"]
[Result "0-1"]
[WhiteElo "1028"]
[BlackElo "1131"]
[PlyCount "70"]
[EventDate "2009.??.??"]
[SourceDate "2009.04.03"]

1. c4 e5 2. g3 Bc5 3. Bg2 Nf6 4. Nc3 d6 5. e3 O-O 6. Nge2 Nc6 7. O-O Be6 8. b3
Qd7 9. Re1 Nb4 10. d4 exd4 11. exd4 Bb6 12. Ba3 c5 13. Nf4 Bf5 14. Bxb4 cxb4
15. Ncd5 Nxd5 16. Nxd5 Ba5 17. Re7 Qc8 18. Ne3 (18. Rxb7 $1) 18... Rb8 19. Qh5
(19. Bxb7 Rxb7 20. Nxf5) 19... g6 20. Qf3 Bd7 21. Nd5 Bc6 22. Nf6+ Kg7 23. d5
Bd8 24. Ne8+ $4 Bxe8 25. Rae1 Bxe7 26. Rxe7 Qf5 27. Qd1 Qf6 28. Rc7 a5 29. c5
Qd8 30. Qd4+ Qf6 31. Qxf6+ Kxf6 32. cxd6 Bb5 33. Bh3 Rfd8 34. d7 Ke7 35. Rc8
Bxd7 0-1

[Event "FSV-ch 2009"]
[Site "Dortmund"]
[Date "2009.06.25"]
[Round "9.28"]
[White "Ortlepp, Olaf"]
[Black "Rabe, Mark"]
[Result "0-1"]
[WhiteElo "1094"]
[BlackElo "924"]
[PlyCount "114"]
[EventDate "2009.??.??"]
[SourceDate "2009.04.03"]

1. Nf3 d5 2. b3 Bf5 3. d3 Nc6 4. g3 e6 5. Bg2 Qf6 6. c3 h6 7. O-O Bd6 8. Ne1
Nge7 9. Bb2 Qg6 10. Nd2 h5 11. e4 Bg4 12. Bf3 Ne5 13. Bxg4 Nxg4 14. Ndf3 O-O-O
15. e5 Nxe5 16. Nxe5 Bxe5 17. f4 Bd6 18. Bc1 Nf5 19. Qf3 Nh4 20. Qe2 Nf5 21.
Qf3 Nh4 22. Qf2 b6 23. Be3 Nf5 24. Bd2 h4 25. Qg2 hxg3 26. hxg3 Nxg3 27. Kf2
Bc5+ 28. d4 Ne4+ 29. Ke3 Qxg2 30. Nxg2 Rh3+ 31. Rf3 Rxf3+ 32. Kxf3 Be7 33. Be1
Rh8 34. Rc1 f5 35. Rc2 Rh3+ 36. Ke2 g5 37. Kd1 g4 38. Re2 Rh1 39. Kc2 Rh2 40.
Kd3 Rh3+ 41. Kc2 Kb7 42. Re3 Rh2 43. Re2 Bf6 44. Kd3 Rh3+ 45. Kc2 c5 46. Re3
cxd4 47. cxd4 Rxe3 48. Nxe3 Bxd4 49. Ng2 e5 50. Bb4 Kc6 51. Bf8 exf4 52. Nxf4
g3 53. Kd3 Be5 54. Ng2 f4 55. Bh6 f3 56. Ne3 Nf2+ 57. Kd2 d4 0-1